| 000 | 01014nam a2200277 a 4500 | ||
|---|---|---|---|
| 001 | 000017904 | ||
| 003 | DO-SdBNP | ||
| 005 | 20230607140503.0 | ||
| 007 | ta | ||
| 008 | 100407s2005 dr 001 0 spa d | ||
| 020 | _z9993439320 | ||
| 040 |
_aDO-SdBNP _bspa _cBNPHU |
||
| 082 | 4 |
_a972.93054 _bI43c _222 |
|
| 100 | 1 |
_aInfante, Fernando, _d1935- _910518 |
|
| 245 | 1 | 0 |
_aCronología histórica : _b20 noviembre 1961- junio 1966 / _cFernando Infante. |
| 246 | 1 | 4 | _aCronología histórica : 21 noviembre 1961- junio 1966 |
| 260 |
_aSanto Domingo : _bLibrería la Trinitaria, _c2005. |
||
| 300 |
_a218 p. ; _c23 cm. |
||
| 500 | _aIncluye datos biográficos del autor en las solapas. | ||
| 500 | _aIncluye referencias bibliográficas e índice onomástico. | ||
| 590 | _aLa biblioteca posee 2 ejemplar autografiado por el autor. | ||
| 590 | _aInventariado, 2019/MFF | ||
| 651 | 4 |
_aRepública Dominicana _xHistoria _xCronología _y1961- _938850 |
|
| 910 | _aValidado. Control de calidad MFF | ||
| 942 |
_2ddc _cLBS1 |
||
| 999 |
_c17428 _d17428 |
||